Focus (Record no. 83558)

MARC details
000 -LEADER
fixed length control field 01130cab a22002295a 4500
001 - CONTROL NUMBER
control field L154290
008 - FIXED-LENGTH DATA ELEMENTS--GENERAL INFORMATION
fixed length control field 111109e20111105xxk 000 0 eng d
035 ## - SYSTEM CONTROL NUMBER
System control number (Sirsi) u154290
041 0# - LANGUAGE CODE
Language code of text/sound track or separate title eng
100 1# - MAIN ENTRY--PERSONAL NAME
Personal name Pilkington, Lisa
245 00 - TITLE STATEMENT
Title Focus
Remainder of title West Midlands
260 ## - PUBLICATION, DISTRIBUTION, ETC.
Date of publication, distribution, etc. 2011
490 ## - SERIES STATEMENT
Series statement Estates Gazette
Volume/sequential designation (1144) 5 November 2011, 77-97(16)
520 ## - SUMMARY, ETC.
Summary, etc. Interview with Local Government Minister Bob Neill. Measures the take up of new offices in Birmingham and notes the revival of car manufacturing in West Midlands. Profiles Bob Tattrie of Trebor Developments and two new enterprise zones Black Country and Birmingham. Interviews with five women who work in the property in the West Midlands. Market health check measures Birmingham's offices take-up, availability and rents. Industrial take up and availability and retail rents in Birmingham, Coventry, Solihull, Wolverhampton and Walsall.
590 ## - LOCAL NOTE (RLIN)
Local note KA
651 #4 - SUBJECT ADDED ENTRY--GEOGRAPHIC NAME
Geographic name West Midlands
690 ## - LOCAL SUBJECT ADDED ENTRY--TOPICAL TERM (OCLC, RLIN)
Topical term or geographic name as entry element PROPERTY-COMMERCIAL PROPERTY-COMMERCIAL PROPERTY MARKET
700 1# - ADDED ENTRY--PERSONAL NAME
Personal name Clarkson, Melanie
700 1# - ADDED ENTRY--PERSONAL NAME
Personal name Thame, David
700 1# - ADDED ENTRY--PERSONAL NAME
Personal name Meadwell, Stacey
942 ## - ADDED ENTRY ELEMENTS (KOHA)
Suppress in OPAC 0
Holdings
Withdrawn status Lost status Source of classification or shelving scheme Damaged status Not for loan Home library Current library Shelving location Date acquired Total Checkouts Full call number Barcode Date last seen Copy number Price effective from Koha item type
    Dewey Decimal Classification     London London Journal article 09/11/2011   L154290 154290-1001 06/08/2019 1 06/08/2019 Journal article